Encuesta nacional de hogares de propósitos multiples en (hogar 2009-2010) : Situación de la mujer la niñez y la adolecencia, informe general (Registro nro. 11838)

Detalles MARC
000 -LEADER
fixed length control field 00720nam a22001811a 4500
001 - CONTROL NUMBER
control field 11838
003 - CONTROL NUMBER IDENTIFIER
control field OSt
005 - DATE AND TIME OF LATEST TRANSACTION
control field 20260204212259.0
008 - FIXED-LENGTH DATA ELEMENTS--GENERAL INFORMATION
fixed length control field 131127s2011||||dr ||||||b||||||||||spa||
082 ## - DEWEY DECIMAL CLASSIFICATION NUMBER
Classification number RD 363.5 E18n
110 ## - ASIENTO PRINCIPAL -- NOMBRE CORPORATIVO
Corporate name or jurisdiction name as entry element República Dominicana : Fondo Nacional Unidos para la Infancia (UNICEF)
245 ## - TÍTULO PROPIAMENTE DICHO: SUBTÍTULO
Title Encuesta nacional de hogares de propósitos multiples en (hogar 2009-2010) : Situación de la mujer la niñez y la adolecencia, informe general
250 ## - MENCIÓN DE EDICIÓN
Edition statement Santo Domingo : One
264 ## - PRODUCTION, PUBLICATION, DISTRIBUTION, MANUFACTURE, AND COPYRIGHT NOTICE
Place of production, publication, distribution, manufacture Santo Domingo : ONE
300 ## - PHYSICAL DESCRIPTION
Extensión 271 P
650 ## - ASIENTO SECUNDARIO DE MATERIA -- TERMINO TEMÁTICO
Termino Temático Como Elemento de Entrada ENCUETAS DE HOGARES - REPUBLICA DOMINICANA 2.INDICADORES SOCIALES - REPUBLICA DOMINICANA 3.NDICADORES EONOMICOS - REPUBLICA DOMINICANAÌ
942 ## - ADDED ENTRY ELEMENTS (KOHA)
Source of classification or shelving scheme Dewey Decimal Classification
Koha item type Libros
Existencias
Withdrawn status Lost status Source of classification or shelving scheme Damaged status Not for loan Current library Date acquired Total Checkouts Full call number Barcode Date last seen Price effective from Koha item type
    Dewey Decimal Classification     Biblioteca UTECO 09/09/2019   RD 363.5 E18N 017220 09/09/2019 09/09/2019 Libros
    Dewey Decimal Classification     Biblioteca UTECO 09/09/2019   RD 363.5 E18N 017221 09/09/2019 09/09/2019 Libros
    Dewey Decimal Classification     Biblioteca UTECO 09/09/2019   RD 363.5 E18N 017222 09/09/2019 09/09/2019 Libros
    Dewey Decimal Classification     Biblioteca UTECO 09/09/2019   RD 363.5 E18N 017223 09/09/2019 09/09/2019 Libros
    Dewey Decimal Classification     Biblioteca UTECO 09/09/2019   RD 363.5 E18N 017224 09/09/2019 09/09/2019 Libros
© 2021 Derechos Reservados UTECO - Teléfono: +1 809-585-2291 - Correo electrónico: biblioteca@uteco.edu.do​  
Código postal 43000 ​​
Dirección: Avenida Universitaria No. 100, 
Cotuí, Provincia Sánchez Ramírez, República Dominicana - RNC: 404-00059-6